000 00885nas a2200253 4500
001 BR0403470
003 BR-BrBNA
005 20231205104655.0
007 ta
008 230509b bl.|||p| |||| 00| 00por d
040 _aBR-BrBNA
_bpor
_cBiblioteca Nacional de Agricultura
041 _a(Pt)
072 _aS01; S40
100 1 _aPessanha, L.D.R.
245 1 _aTransgênicos, recursos genéticos e segurança alimentar: uma análise da judicialização do conflito sobre a liberação da soja RR no Brasil
650 _aNUTRIÇÃO HUMANA
650 _aSEGURANÇA ALIMENTAR
650 _aALIMENTO TRANSGÊNICO
650 _aRECURSO GENÉTICO
650 _aSOJA
773 0 _tCadernos de Debate do Núcleo de Estudos e Pesquisas em Alimentação (Brazil)
_xISSN 1413-4136
_g(2002), v. 9 p. 69-92
_wBR0403470
909 _a202311
_bLúcia
_c55
_dLúcia Elande
942 _2AGRIS
_n0
_cANA
999 _c179229
_d179229